| 000 | 00593nam a2200229Ia 4500 | ||
|---|---|---|---|
| 008 | 180523s9999 xx 000 0 und d | ||
| 020 | _a0-321-12711-0 | ||
| 050 | _aMAIN QA 152.2 | ||
| 050 | _b.L53 2004 | ||
| 100 | _aLial, Margaret L. | ||
| 245 | 0 | _aBeginning algebra / | |
| 245 | 0 | _cMargaret L. Lial, John Hornsby, Terry McGinnis. | |
| 250 | _a9th Edition | ||
| 260 | _aSingapore : | ||
| 260 | _bPearson Education South Asia, | ||
| 260 | _c2006 | ||
| 300 | _a673 pages : | ||
| 300 | _billustrations ; | ||
| 300 | _c25 cm. | ||
| 500 | _aIncludes index. | ||
| 650 | _aAlgebra. | ||
| 999 |
_c357423 _d357423 |
||